Normal view
MARC view
- Schwab, Donald P.,
Entry Nombre Personal
001 - NUMERO DE CONTROL
- campo de control: 43522
003 - IDENTIFICADOR DE NUMERO DE CONTROL
- campo de control: DLC
005 - FECHA Y HORA DE LA ÜLTIMA TRANSACCIÓN
- campo de control: 20220428110643.0
008 - DATOS DE LONGITUD FIJA
- campo de control de longitud fija: 220428n| azannaab |n aaa
010 ## - NÚMERO DE CONTROL DE LA BIBLIOTECA DEL CONGRESO
- Número de control LC: n 82047282
040 ## - FUENTE DE CATALOGACIÓN
- Agencia original de catalogación: DLC
- Lenguaje de catalogación: spa
- Description conventions: rda
- Agencia de transcripción: DLC
- Agencia que lo modifica: DLC
- Agencia que lo modifica: MX-MxUPN
046 ## - FECHAS CON CODIFICACIÓN ESPECIAL
- Fecha de nacimiento: 1938
100 1# - ENCABEZAMIENTO - NOMBRE PERSONAL
- Nombre personal: Schwab, Donald P.,
- Fechas asociadas con el nombre: 1938-
670 ## - FUENTE EN LA QUE SE LOCALIZARON DATOS
- Cita de la fuente: Cummings, L. L. Performance in organizations, 1973.
670 ## - FUENTE EN LA QUE SE LOCALIZARON DATOS
- Cita de la fuente: En su obra: Research methods for organizational studies, c2004:
- Información localizada: CIP portada (Donald P. Schwab) CIP datos (b. Mar. 22, 1938)
670 ## - FUENTE EN LA QUE SE LOCALIZARON DATOS
- Cita de la fuente: Information from 678 converted Dec. 18, 2014
- Información localizada: (University of Wisconsin, Madison)
902 ## - CATALOGADOR
- Catalogador: NDAF/220428
